000 00989cam a22002651i 4500
003 SA-RiAUC
005 20241209140031.0
008 241207s2003 su g 000ri ara c
020 _a9960440818
040 _aSA-RiSU
_bara
_cSA-RiAUC
_erda
082 0 4 _a816
_qSA-RiAUC
090 _a816
_bت و ف
100 1 _aتوفيق، محمد عمر،
_d1337-1414 هجري
_eمؤلف.
245 1 2 _aالرسائل /
_cمحمد عمر توفيق.
250 _aالطبعة الأولى.
264 1 _aجدة، السعودية :
_bورثة محمد عمر توفيق،
_c2003
300 _a262 صفحة ؛
_c24 سم
336 _aنص
_btxt
_2rdacontent
_3كتاب
337 _aبدون وسيط
_bn
_2rdamedia
338 _aمجلد
_bnc
_2rdacarrier
500 _a خطاب هداء من ناصر بن عبدالله الصالح بتاريخ 1425/8/12 هـ
650 7 _aالرسائل العربية
_yقرن 20
_2aucsh
942 _2ddc
_cBOOK
_n0
949 _aSA-JeALM
_d241207
_uosman123
_n1
999 _c3182
_d3182